| 000 | 00484nam a22001571 4500 | ||
|---|---|---|---|
| 082 | 0 | 0 |
_a620.11233 _bFIN _cD |
| 100 | 1 |
_aFinnie, Iain. _940810 |
|
| 245 | 1 | 0 |
_aCreep of engineering materials _c[by] Iain Finnie and William R. Heller. |
| 260 |
_aNew York, _bMcGraw-Hill, _c1959. |
||
| 300 |
_a341 p. _billus. _c24 cm. |
||
| 526 |
_a0 _b0 _c0 _d620_112330000000000_FIN |
||
| 650 | 0 |
_aMaterials _xCreep. _940811 |
|
| 650 | 0 |
_aMCE _9379 |
|
| 700 | 1 |
_aHeller, William R., _940812 |
|
| 942 |
_2ddc _cBK |
||
| 999 |
_c545057 _d545057 |
||